Práca v zahraničí - Spojené Kráľovstvo Veľkej Británie a Severného Írska

Trh práce v Spojenom Kráľovstve. Pracovné podmienky. Mzdy a odmeňovanie. Daň z príjmu. Podnikanie v Spojenom Kráľovstve. Systém národného poistenia. Ukončenie pracovného pomeru. Národný zdravotný systém. Životné náklady. Kontakty a užitočné webové stránky.

Gespeichert in:
Bibliographische Detailangaben
1. Verfasser: Mésárošová, Renáta
Format: Buchkapitel
Sprache:Slowakisch
Schlagworte:
Tags: Tag hinzufügen
Keine Tags, Fügen Sie das erste Tag hinzu!

MARC

LEADER 00000naa a2200000 4500
001 0221623
005 20231109105822.9
041 0 |a slo 
044 |a SK 
245 1 0 |a Práca v zahraničí - Spojené Kráľovstvo Veľkej Británie a Severného Írska  |c Renáta Mésárošová 
520 |a Trh práce v Spojenom Kráľovstve. Pracovné podmienky. Mzdy a odmeňovanie. Daň z príjmu. Podnikanie v Spojenom Kráľovstve. Systém národného poistenia. Ukončenie pracovného pomeru. Národný zdravotný systém. Životné náklady. Kontakty a užitočné webové stránky. 
610 2 0 |a práca v zahraničí 
610 2 0 |a trh práce 
610 2 0 |a podmienky pracovné 
610 2 0 |a podmienky životné 
610 2 0 |a náklady životné 
610 2 0 |a starostlivosť zdravotná 
610 2 0 |a poistenie národné 
610 2 0 |a pomer pracovný 
610 2 0 |a Spojené kráľovstvo 
100 1 |a Mésárošová, Renáta